000 00644nam a2200193 a 4500
001 000035310
005 20200930074240.0
008 111027s1957 mx 000 0 spa d
040 _aDO-SdBNP
_bspa
_cBNPHU
082 _a972.9
_bO88e, 1957
100 1 _aOts Capdequi, J. M.
_961078
245 1 3 _aEl estado español en las Indias /
_cJ. M. Ots Capdequi.
250 _a3a ed. corregida y aumentada
260 _aMéxico :
_bFondo de Cultura Económica,
_c1957.
300 _a202 p. ;
_c22 cm.
651 4 _aEspaña
_xColonias
_zAmérica
_958954
651 4 _aEspaña
_xColonias
_xAdministración
_934070
910 _aValidado. Control de calidad MFF
999 _c34801
_d34801